The Oxford anthology of American literature, (Record no. 8927)
[ view plain ]
| 000 -LEADER | |
|---|---|
| fixed length control field | 00893cam a22002771 4500 |
| 001 - CONTROL NUMBER | |
| JCCL Control Number | 8927 |
| 003 - CONTROL NUMBER IDENTIFIER | |
| JCCL marc code | BD-JhCC |
| 005 - DATE AND TIME OF LATEST TRANSACTION | |
| control field | 20180305185717.0 |
| 008 - FIXED-LENGTH DATA ELEMENTS--GENERAL INFORMATION | |
| fixed length control field | 740506s1938 nyu b 001 0 eng |
| 035 ## - SYSTEM CONTROL NUMBER | |
| system control number | (BD-JhCC)8927 |
| 040 ## - CATALOGING SOURCE | |
| Original cataloging agency | DLC |
| Transcribing agency | OWoC |
| Modifying agency | OCoLC |
| -- | DLC |
| -- | BD-JhCC |
| 041 ## - LANGUAGE CODE | |
| Language code of Book | eng |
| 050 00 - LIBRARY OF CONGRESS CALL NUMBER | |
| Classification number | PS507 |
| Item number | .O9 |
| 082 ## - DEWEY DECIMAL CLASSIFICATION NUMBER | |
| Classification number | 810.822 |
| Author mark and Year | THE 1938 |
| 245 04 - TITLE STATEMENT | |
| Title | The Oxford anthology of American literature, |
| Statement of responsibility, etc | chosen and edited by William Rose Benét and Norman Holmes Pearson. |
| 260 ## - PUBLICATION, DISTRIBUTION, ETC. (IMPRINT) | |
| Place of publication, distribution, etc | New York, |
| Name of publisher, distributor, etc | Oxford University Press, |
| Date of publication, distribution, etc | 1938. |
| 300 ## - PHYSICAL DESCRIPTION | |
| Pagination | xxx, 1705 p. |
| Dimensions | 24 cm. |
| 500 ## - GENERAL NOTE | |
| General note | "First edition." |
| 500 ## - GENERAL NOTE | |
| General note | "Biographical commentaries": p. 1577-1683. |
| 504 ## - BIBLIOGRAPHY, ETC. NOTE | |
| Bibliography, etc | Bibliography: p. 1685-1688. |
| 650 #0 - SUBJECT ADDED ENTRY--TOPICAL TERM | |
| Topical term or geographic name as entry element | American literature. |
| 700 1# - ADDED ENTRY--PERSONAL NAME | |
| Personal name | Benét, William Rose, |
| Dates associated with a name | 1886-1950, |
| 700 1# - ADDED ENTRY--PERSONAL NAME | |
| Personal name | Pearson, Norman Holmes, |
| Dates associated with a name | 1909-1975, |
| 942 ## - ADDED ENTRY ELEMENTS (KOHA) | |
| Source of classification or shelving scheme | Dewey Decimal Classification |
| Koha item type | Books |
| Source of classification or shelving scheme | Damaged status | Not for loan | Home library | Current library | Shelving location | Total Checkouts | Full call number | Barcode | Date last seen | Copy number | Koha item type |
|---|---|---|---|---|---|---|---|---|---|---|---|
| Dewey Decimal Classification | JCC Rouf Library | JCC Rouf Library | General Stacks | 810.822 OXF 1938 | 11931 | 03/05/2018 | C - 1 | Books |